000 00459nam a2200193Ia 4500
003 GCL
008 140319s9999 xx 000 0 eng d
040 _aGCL /
_cGCL
082 0 4 _a621.9
_bS T
100 1 _aSTONE, JEFF
245 1 0 _aTOOLS /
_cSTONE, JEFF
700 1 _aGROSA, KIM JOHNSON
260 _a[S.N] :
_bTHAMES AND HUDSON ،
_c1994
300 _a103 P P
650 0 4 _aTOOLS
650 0 4 _aHAND TOOLS
650 0 4 _aPOWER TOOLS
942 _2ddc
_cBK
999 _c12027
_d12027